Analýza kmitania na štvrtinovom fyzikálnom modeli pruženia automobilu
Salvato in:
| Autore principale: | |
|---|---|
| Altri autori: | |
| Natura: | Manoscritto Libro |
| Lingua: | slovacco |
| Pubblicazione: |
Bratislava :
STU v Bratislave FEI,
2021
|
| Soggetti: | |
| Accesso online: | https://opac.crzp.sk/?fn=detailBiblioForm&sid=4A7927334F9373E92E4DDD99785B&seo=CRZP-detail-kniha |
| Tags: |
Nessun Tag, puoi essere il primo ad aggiungerne!!
|
MARC
| LEADER | 00000ntm a22000003a 4500 | ||
|---|---|---|---|
| 001 | stuzp81770 | ||
| 003 | SK-STU | ||
| 005 | 20211116104342.7 | ||
| 007 | ta | ||
| 008 | 150427s2015----xo-----f-mn---000-0-slo-d | ||
| 040 | |a STU |b slo | ||
| 041 | 0 | |a slo | |
| 044 | |a xo | ||
| 100 | 1 | |a Révay, Stanislav |u 030400 |4 aut |U FEI Fakulta elektrotechniky a informatiky |T FEI Ústav automobilovej mechatroniky |X 80074 |U E400 |Y 642 |7 80074 | |
| 242 | 0 | 1 | |a Vibration analysis on quarter physical model of the car suspension |y eng |
| 245 | 1 | 0 | |a Analýza kmitania na štvrtinovom fyzikálnom modeli pruženia automobilu |
| 260 | |a Bratislava : |b STU v Bratislave FEI, |c 2021 | ||
| 300 | |a 113 s. | ||
| 650 | 4 | |a lichobežníková náprava |2 slo | |
| 650 | 4 | |a matematický model |2 slo | |
| 650 | 4 | |a geometrický model |2 slo | |
| 650 | 4 | |a double-wishbone suspension |2 eng | |
| 650 | 4 | |a mathematical model |2 eng | |
| 650 | 4 | |a geometric model |2 eng | |
| 700 | 1 | |a Goga, Vladimír |u 030400 |k Z1 |4 ths |U FEI Fakulta elektrotechniky a informatiky |T FEI Ústav automobilovej mechatroniky |X 10291 |U E400 |Y 642 |7 A000010291 | |
| 856 | 4 | |u https://opac.crzp.sk/?fn=detailBiblioForm&sid=4A7927334F9373E92E4DDD99785B&seo=CRZP-detail-kniha | |